| 000 | 00426 a2200169 4500 | ||
|---|---|---|---|
| 003 | Nust | ||
| 005 | 20170207164906.0 | ||
| 040 | _cNust | ||
| 082 | _a005.1 | ||
| 100 | _aAhmed,Hasnat BESE-15 | ||
| 245 |
_aData loss prevenation (Hard / Soft-copy) _cNC Hasnat Ahmed & Nabeel Abbas |
||
| 260 |
_aRawalpindi _bNUST,MCS _cJune 2013 |
||
| 300 | _a63p | ||
| 538 | _aAlmirah No 72 Shelf No 3 | ||
| 650 | _aprevenation | ||
| 651 | _aBESE-15 | ||
| 942 | _cREF | ||
| 999 |
_c210234 _d210234 |
||